00629ntaaa2200181 45000030003000000050017000030080021000200400037000410820017000781000020000952450030001152500010001452600059001553000010002145000146002246500038003706500039004080120251027202155.00714s1973 ag 01  aAR-BaBNbspacAR-BaBNeaacrdRIC a266.9980 T21 aTaylor, Lucile  aTribus y naciones del sur a1 ed. aKansas City : bCasa Nazarena de Publicaciones, cn.f. a160 p aObra misionera nazarena en los países de Sudamérica, Perú, Bolivia, Argentina, Uruguay, Barbados, Trinidad, La Guayana Inglesa y Brasil aNazareno-iglesia, en Sudamérica amisiones Nazarenas en Sudamérica